| 000 | 00525nam a22001577a 4500 | ||
|---|---|---|---|
| 003 | OSt | ||
| 005 | 20150905141542.0 | ||
| 008 | 150905b xxu||||| |||| 00| 0 eng d | ||
| 040 | _cRUA | ||
| 082 | _aAGR ឃួន 1991 B002 Or.1 | ||
| 100 |
_929 _aឃូន សាមឿន |
||
| 245 | _aសិក្សាប្រព័ន្ធដាំដុះដំណាំស្រូវបន្ទាប់ពីដំណាំជីស្រស់ | ||
| 260 |
_aPhnom Penh _bRUA _c1991 |
||
| 300 |
_a44p. _bill. _c29cm. |
||
| 942 |
_2ddc _cAGR |
||
| 999 |
_c28 _d28 |
||